[Event "DEM U12w 2018"]
[Site "Willingen GER"]
[Date "2018.05.20"]
[Round "2"]
[White "Schulz, Hannah"]
[Black "Bashylina, Luisa"]
[Result "0-1"]
[Termination "normal"]
[Board "2"]
[WhiteElo "1651"]
[BlackElo "1764"]
[WhiteClock "00:08:15"]
[BlackClock "00:02:00"]
[PlyCount "92"]
[WhiteFideId "16244745"]
[BlackFideId "12983292"]
[EventCountry "GER"]
[EventRounds "11"]
[EventType "swiss"]
[EventDate "2018.05.19"]

1. e4 {[%clk 1:15:59]} 1... c5 {[%clk 1:15:55]} 2. Nf3 {[%clk 1:16:25]} 2... e6
{[%clk 1:16:20]} 3. d4 {[%clk 1:16:49]} 3... cxd4 {[%clk 1:16:45]} 4. Nxd4 {
[%clk 1:17:15]} 4... a6 {[%clk 1:17:06]} 5. Nc3 {[%clk 1:17:33]} 5... Qc7 {
[%clk 1:17:32]} 6. Bd3 {[%clk 1:17:48]} 6... Nf6 {[%clk 1:17:22]} 7. O-O {
[%clk 1:17:53]} 7... b5 {[%clk 1:16:45]} 8. Kh1 {[%clk 1:17:22]} 8... Bb7 {
[%clk 1:17:07]} 9. Qe2 {[%clk 1:11:21]} 9... d6 {[%clk 1:16:25]} 10. f4 { [%clk
1:10:26]} 10... Nbd7 {[%clk 1:16:21]} 11. Bd2 {[%clk 1:10:00]} 11... Be7 {[%clk
1:14:27]} 12. Rae1 {[%clk 1:09:13]} 12... Nc5 {[%clk 0:59:15]} 13. e5 { [%clk
1:05:32]} 13... Nfd7 {[%clk 0:53:53]} 14. a3 {[%clk 0:52:14]} 14... Nxd3 {[%clk
0:49:42]} 15. cxd3 {[%clk 0:50:16]} 15... Bh4 {[%clk 0:48:46]} 16. Rc1 { [%clk
0:46:41]} 16... Qd8 {[%clk 0:40:50]} 17. Ne4 {[%clk 0:31:49]} 17... Bxe4 {[%clk
0:40:00]} 18. Qxe4 {[%clk 0:31:03]} 18... d5 {[%clk 0:34:07]} 19. Qe3 { [%clk
0:27:12]} 19... Qb6 {[%clk 0:31:32]} 20. Nf3 {[%clk 0:22:16]} 20... Qxe3 {[%clk
0:31:11]} 21. Bxe3 {[%clk 0:22:22]} 21... Bd8 {[%clk 0:30:51]} 22. b4 { [%clk
0:21:49]} 22... O-O {[%clk 0:30:33]} 23. Nd2 {[%clk 0:19:07]} 23... a5 { [%clk
0:29:38]} 24. Ra1 {[%clk 0:18:37]} 24... Be7 {[%clk 0:29:00]} 25. Rab1 { [%clk
0:15:04]} 25... axb4 {[%clk 0:26:27]} 26. axb4 {[%clk 0:15:27]} 26... Ra3
{[%clk 0:26:45]} 27. Rb3 {[%clk 0:14:51]} 27... Rxb3 {[%clk 0:26:46]} 28. Nxb3
{[%clk 0:15:12]} 28... Bxb4 {[%clk 0:27:08]} 29. Rb1 {[%clk 0:14:58]} 29... Rb8
{[%clk 0:24:51]} 30. Nc1 {[%clk 0:14:34]} 30... Be7 {[%clk 0:19:49]} 31. Bd2 {
[%clk 0:13:43]} 31... f6 {[%clk 0:15:39]} 32. d4 {[%clk 0:13:34]} 32... Rb7 {
[%clk 0:15:10]} 33. Nd3 {[%clk 0:12:58]} 33... Nb8 {[%clk 0:14:23]} 34. Nc5 {
[%clk 0:11:27]} 34... Bxc5 {[%clk 0:14:07]} 35. dxc5 {[%clk 0:11:52]} 35... Nc6
{[%clk 0:13:06]} 36. exf6 {[%clk 0:11:33]} 36... gxf6 {[%clk 0:13:27]} 37. Kg1
{[%clk 0:11:29]} 37... b4 {[%clk 0:12:49]} 38. Kf2 {[%clk 0:11:36]} 38... b3 {
[%clk 0:11:30]} 39. Ke3 {[%clk 0:11:22]} 39... Rb5 {[%clk 0:09:48]} 40. Kd3 {
[%clk 0:11:14]} 40... Kf7 {[%clk 0:04:42]} 41. Be3 {[%clk 0:10:39]} 41... Na5 {
[%clk 0:04:05]} 42. g4 {[%clk 0:09:06]} 42... Nc4 {[%clk 0:03:01]} 43. Bf2 {
[%clk 0:08:21]} 43... b2 {[%clk 0:01:26]} 44. Kc3 {[%clk 0:08:07]} 44... e5 {
[%clk 0:01:37]} 45. f5 {[%clk 0:07:59]} 45... Na3 {[%clk 0:01:36]} 46. Rxb2 {
[%clk 0:08:15]} 46... d4+ {[%clk 0:02:00]} 0-1

[Event "DEM U12w 2018"]
[Site "Willingen GER"]
[Date "2018.05.20"]
[Round "2"]
[White "Zhou, Lepu Coco"]
[Black "Sinner, Joselyne"]
[Result "1-0"]
[Termination "normal"]
[Board "3"]
[WhiteElo "1720"]
[BlackElo "1541"]
[WhiteClock "00:23:03"]
[BlackClock "00:19:49"]
[PlyCount "71"]
[WhiteFideId "16217136"]
[BlackFideId "16210387"]
[EventCountry "GER"]
[EventRounds "11"]
[EventType "swiss"]
[EventDate "2018.05.19"]

1. e4 e5 2. Nf3 Nc6 3. Bb5 a6 4. Ba4 Nf6 5. O-O Be7 6. Qe2 b5 7. Bb3 O-O 8. d4
d6 9. c3 Bg4 10. Rd1 Re8 11. h3 Bh5 12. Be3 Bf8 13. Nbd2 h6 14. a3 Bg6 15. d5
Ne7 16. Bc2 c6 17. c4 bxc4 18. dxc6 c3 19. bxc3 Nxc6 20. Rab1 Qa5 21. Nc4 Qc7
22. Bb6 Qd7 23. Bc5 Nd4 24. cxd4 dxc5 25. Nb6 Qc6 26. Nxa8 Rxa8 27. d5 Qc7 28.
Nd2 Bh5 29. f3 Ne8 30. Nc4 Be7 31. Ba4 Nd6 32. Nxe5 Nc8 33. Nc6 Bh4 34. e5 Nb6
35. d6 Qd7 36. Ne7+ 1-0

[Event "DEM U12w 2018"]
[Site "Willingen GER"]
[Date "2018.05.20"]
[Round "2"]
[White "Wörz, Ann-Sophie"]
[Black "Becker, Linda"]
[Result "1-0"]
[Termination "normal"]
[Board "4"]
[WhiteElo "1433"]
[BlackElo "1464"]
[WhiteClock "00:36:45"]
[BlackClock "00:39:33"]
[PlyCount "79"]
[WhiteFideId "16265890"]
[BlackFideId "16244753"]
[EventCountry "GER"]
[EventRounds "11"]
[EventType "swiss"]
[EventDate "2018.05.19"]

1. e4 {[%clk 1:15:58]} 1... e6 {[%clk 1:15:54]} 2. d4 {[%clk 1:16:24]} 2... d5
{[%clk 1:16:19]} 3. e5 {[%clk 1:16:47]} 3... c5 {[%clk 1:16:41]} 4. c3 { [%clk
1:17:07]} 4... Bd7 {[%clk 1:16:51]} 5. a3 {[%clk 1:15:36]} 5... Nc6 { [%clk
1:15:10]} 6. b4 {[%clk 1:13:15]} 6... b6 {[%clk 1:14:32]} 7. Nf3 { [%clk
1:12:27]} 7... Nge7 {[%clk 1:11:45]} 8. Bd3 {[%clk 1:10:39]} 8... Ng6 { [%clk
1:08:50]} 9. O-O {[%clk 1:09:46]} 9... Be7 {[%clk 1:07:33]} 10. Re1 { [%clk
1:07:11]} 10... O-O {[%clk 1:07:01]} 11. Nbd2 {[%clk 1:06:15]} 11... c4 { [%clk
1:04:55]} 12. Bc2 {[%clk 1:06:13]} 12... a5 {[%clk 1:01:52]} 13. b5 { [%clk
1:05:41]} 13... Na7 {[%clk 0:58:36]} 14. a4 {[%clk 1:05:27]} 14... Qe8 { [%clk
0:56:12]} 15. Nf1 {[%clk 1:01:44]} 15... f6 {[%clk 0:55:16]} 16. Ng3 { [%clk
0:59:33]} 16... fxe5 {[%clk 0:54:12]} 17. Bxg6 {[%clk 0:57:22]} 17... Qxg6
{[%clk 0:53:45]} 18. Nxe5 {[%clk 0:55:29]} 18... Qe8 {[%clk 0:53:05]} 19. Qg4
{[%clk 0:54:47]} 19... Bc8 {[%clk 0:51:13]} 20. Bh6 {[%clk 0:53:05]} 20... Bf6
{[%clk 0:49:11]} 21. Nh5 {[%clk 0:50:23]} 21... Qe7 {[%clk 0:48:37]} 22. Re3
{[%clk 0:45:30]} 22... Kh8 {[%clk 0:47:05]} 23. Bf4 {[%clk 0:45:10]} 23... g6
{[%clk 0:42:31]} 24. Nxf6 {[%clk 0:44:35]} 24... Qxf6 {[%clk 0:42:16]} 25. Rh3
{[%clk 0:44:03]} 25... Rg8 {[%clk 0:40:20]} 26. Nd7 {[%clk 0:40:46]} 26... Qf5
{[%clk 0:38:58]} 27. Qxf5 {[%clk 0:39:25]} 27... exf5 {[%clk 0:39:06]} 28. Be5+
{[%clk 0:39:38]} 28... Rg7 {[%clk 0:39:29]} 29. Nxb6 {[%clk 0:39:48]} 29... Kg8
{[%clk 0:39:03]} 30. Bxg7 {[%clk 0:39:13]} 30... Rb8 {[%clk 0:39:23]} 31. Nxc8
{[%clk 0:39:24]} 31... Nxc8 {[%clk 0:39:34]} 32. Be5 {[%clk 0:39:39]} 32... Rb7
{[%clk 0:39:55]} 33. Re1 {[%clk 0:39:16]} 33... Re7 {[%clk 0:39:19]} 34. Rhe3
{[%clk 0:39:23]} 34... Rd7 {[%clk 0:39:09]} 35. Bf4 {[%clk 0:39:17]} 35... Nb6
{[%clk 0:39:11]} 36. Re8+ {[%clk 0:38:59]} 36... Kf7 {[%clk 0:39:34]} 37. Rh8
{[%clk 0:38:53]} 37... Kf6 {[%clk 0:39:45]} 38. Be5+ {[%clk 0:38:28]} 38... Kg5
{[%clk 0:40:01]} 39. f4+ {[%clk 0:37:56]} 39... Kh5 {[%clk 0:39:33]} 40. Re3
{[%clk 0:36:45]} 1-0

[Event "DEM U12w 2018"]
[Site "Willingen GER"]
[Date "2018.05.20"]
[Round "2"]
[White "Pohle, Saskia"]
[Black "Bildat, Emilia"]
[Result "1/2-1/2"]
[Termination "normal"]
[Board "5"]
[WhiteElo "1611"]
[BlackElo "1460"]
[WhiteClock "00:22:10"]
[BlackClock "00:34:31"]
[PlyCount "42"]
[WhiteFideId "16201604"]
[BlackFideId "16218140"]
[EventCountry "GER"]
[EventRounds "11"]
[EventType "swiss"]
[EventDate "2018.05.19"]

1. e4 {[%clk 1:15:59]} 1... e5 {[%clk 1:15:55]} 2. Nf3 {[%clk 1:16:25]} 2...
Nc6 {[%clk 1:16:21]} 3. d4 {[%clk 1:16:51]} 3... exd4 {[%clk 1:16:46]} 4. Bc4 {
[%clk 1:17:16]} 4... Bc5 {[%clk 1:17:08]} 5. c3 {[%clk 1:17:37]} 5... Nf6 {
[%clk 1:17:28]} 6. O-O {[%clk 1:17:11]} 6... d3 {[%clk 1:15:10]} 7. Qxd3 {
[%clk 1:13:36]} 7... O-O {[%clk 1:14:39]} 8. e5 {[%clk 1:12:29]} 8... Ng4 {
[%clk 1:10:23]} 9. Ng5 {[%clk 1:11:32]} 9... g6 {[%clk 1:07:51]} 10. Nxf7 {
[%clk 1:07:48]} 10... Qh4 {[%clk 1:02:53]} 11. Nh6+ {[%clk 1:05:59]} 11... Kg7
{[%clk 1:03:07]} 12. Nxg4 {[%clk 1:06:24]} 12... Qxg4 {[%clk 1:02:56]} 13. Qd5
{[%clk 1:02:13]} 13... Bb6 {[%clk 0:57:03]} 14. b3 {[%clk 0:56:52]} 14... Qe6 {
[%clk 0:52:52]} 15. Ba3 {[%clk 0:56:21]} 15... Rf5 {[%clk 0:52:29]} 16. Nd2 {
[%clk 0:44:56]} 16... Qxd5 {[%clk 0:49:35]} 17. Bxd5 {[%clk 0:45:17]} 17...
Rxe5 {[%clk 0:49:32]} 18. c4 {[%clk 0:44:07]} 18... Re2 {[%clk 0:47:21]} 19.
Nf3 {[%clk 0:35:03]} 19... d6 {[%clk 0:46:19]} 20. Bc1 {[%clk 0:23:24]} 20...
Bf5 {[%clk 0:43:56]} 21. Bd2 {[%clk 0:22:10]} 21... Be6 {[%clk 0:34:31]}
1/2-1/2

[Event "DEM U12w 2018"]
[Site "Willingen GER"]
[Date "2018.05.20"]
[Round "2"]
[White "Derling, Charlotte"]
[Black "Wagner, Margarethe"]
[Result "0-1"]
[Termination "normal"]
[Board "6"]
[WhiteElo "1449"]
[BlackElo "1515"]
[WhiteClock "00:40:00"]
[BlackClock "00:29:32"]
[PlyCount "60"]
[WhiteFideId "16222237"]
[BlackFideId "16236947"]
[EventCountry "GER"]
[EventRounds "11"]
[EventType "swiss"]
[EventDate "2018.05.19"]

1. e4 {[%clk 1:15:59]} 1... c5 {[%clk 1:15:55]} 2. Nf3 {[%clk 1:16:25]} 2... d6
{[%clk 1:16:17]} 3. d4 {[%clk 1:16:49]} 3... cxd4 {[%clk 1:16:31]} 4. Nxd4 {
[%clk 1:17:14]} 4... Nf6 {[%clk 1:16:40]} 5. Nc3 {[%clk 1:17:38]} 5... a6 {
[%clk 1:16:30]} 6. Be3 {[%clk 1:18:01]} 6... e5 {[%clk 1:16:23]} 7. Nb3 { [%clk
1:18:14]} 7... Be6 {[%clk 1:15:54]} 8. Be2 {[%clk 1:18:05]} 8... Be7 { [%clk
1:14:40]} 9. Qd2 {[%clk 1:17:41]} 9... b5 {[%clk 1:11:28]} 10. Rd1 { [%clk
1:13:22]} 10... Nc6 {[%clk 1:05:59]} 11. Bf3 {[%clk 1:10:21]} 11... Rc8 { [%clk
0:58:42]} 12. Nd5 {[%clk 1:09:02]} 12... Bxd5 {[%clk 0:56:25]} 13. exd5 { [%clk
1:09:21]} 13... Nb8 {[%clk 0:56:42]} 14. Rc1 {[%clk 1:06:10]} 14... Nbd7 {[%clk
0:52:16]} 15. Na5 {[%clk 1:05:15]} 15... e4 {[%clk 0:49:00]} 16. Be2 { [%clk
1:03:39]} 16... Nxd5 {[%clk 0:44:27]} 17. Nb7 {[%clk 1:01:20]} 17... Qc7 {[%clk
0:43:45]} 18. Qxd5 {[%clk 1:01:12]} 18... Nf6 {[%clk 0:44:08]} 19. Nxd6+ {[%clk
0:58:32]} 19... Bxd6 {[%clk 0:42:10]} 20. Qd4 {[%clk 0:56:58]} 20... O-O {[%clk
0:36:30]} 21. h3 {[%clk 0:55:41]} 21... Be5 {[%clk 0:35:58]} 22. Qb4 { [%clk
0:53:54]} 22... Nd5 {[%clk 0:32:57]} 23. Qxe4 {[%clk 0:52:36]} 23... Nxe3
{[%clk 0:33:20]} 24. fxe3 {[%clk 0:49:35]} 24... Bxb2 {[%clk 0:32:47]} 25. Rd1
{[%clk 0:48:16]} 25... Qxc2 {[%clk 0:30:44]} 26. Bd3 {[%clk 0:47:48]} 26...
Bc3+ {[%clk 0:30:07]} 27. Kf1 {[%clk 0:43:32]} 27... Qxd1+ {[%clk 0:30:27]} 28.
Kf2 {[%clk 0:42:50]} 28... Qd2+ {[%clk 0:30:48]} 29. Kf3 {[%clk 0:41:53]} 29...
g6 {[%clk 0:29:58]} 30. Bc2 {[%clk 0:40:00]} 30... Rce8 {[%clk 0:29:32]} 0-1

[Event "DEM U12w 2018"]
[Site "Willingen GER"]
[Date "2018.05.20"]
[Round "2"]
[White "Breß, Amy Charlize"]
[Black "Baltic, Sara"]
[Result "1-0"]
[Termination "normal"]
[Board "7"]
[WhiteElo "1558"]
[BlackElo "1432"]
[WhiteClock "00:14:34"]
[BlackClock "00:45:16"]
[PlyCount "95"]
[WhiteFideId "16233786"]
[BlackFideId "16210409"]
[EventCountry "GER"]
[EventRounds "11"]
[EventType "swiss"]
[EventDate "2018.05.19"]

1. e4 {[%clk 1:15:58]} 1... e6 {[%clk 1:15:56]} 2. d3 {[%clk 1:16:20]} 2... d5
{[%clk 1:16:13]} 3. Nd2 {[%clk 1:16:36]} 3... Nf6 {[%clk 1:15:57]} 4. Ngf3 {
[%clk 1:16:47]} 4... Nbd7 {[%clk 1:15:46]} 5. g3 {[%clk 1:16:17]} 5... Bb4 {
[%clk 1:14:38]} 6. c3 {[%clk 1:04:43]} 6... Bd6 {[%clk 1:14:44]} 7. Qe2 { [%clk
1:03:30]} 7... dxe4 {[%clk 1:13:03]} 8. dxe4 {[%clk 1:02:54]} 8... e5 { [%clk
1:11:29]} 9. Bg2 {[%clk 0:55:03]} 9... Nc5 {[%clk 1:08:37]} 10. O-O { [%clk
0:42:43]} 10... O-O {[%clk 1:06:59]} 11. Re1 {[%clk 0:37:55]} 11... c6 { [%clk
1:06:26]} 12. Nc4 {[%clk 0:31:38]} 12... Re8 {[%clk 1:05:17]} 13. Rd1 { [%clk
0:26:51]} 13... Ncxe4 {[%clk 1:05:08]} 14. Nfxe5 {[%clk 0:25:57]} 14... Bf5
{[%clk 1:04:06]} 15. Bxe4 {[%clk 0:22:48]} 15... Nxe4 {[%clk 1:03:57]} 16. g4
{[%clk 0:15:59]} 16... Bg6 {[%clk 1:01:25]} 17. f3 {[%clk 0:15:37]} 17... b5
{[%clk 1:00:51]} 18. fxe4 {[%clk 0:15:12]} 18... bxc4 {[%clk 1:00:19]} 19. Nxg6
{[%clk 0:14:14]} 19... hxg6 {[%clk 1:00:07]} 20. Bf4 {[%clk 0:06:37]} 20...
Qb6+ {[%clk 0:58:17]} 21. Be3 {[%clk 0:05:57]} 21... Bc5 {[%clk 0:54:09]} 22.
Bxc5 {[%clk 0:04:16]} 22... Qxc5+ {[%clk 0:54:30]} 23. Kg2 {[%clk 0:04:37]}
23... f5 {[%clk 0:52:49]} 24. Rd4 {[%clk 0:03:45]} 24... Re5 {[%clk 0:50:15]}
25. Qxc4+ {[%clk 0:03:11]} 25... Qxc4 {[%clk 0:46:52]} 26. Rxc4 {[%clk 0:03:38]
} 26... Rxe4 {[%clk 0:47:11]} 27. Rxe4 {[%clk 0:04:00]} 27... fxe4 { [%clk
0:47:00]} 28. Re1 {[%clk 0:04:02]} 28... Rd8 {[%clk 0:45:26]} 29. Kf2 { [%clk
0:02:56]} 29... Re8 {[%clk 0:45:05]} 30. Ke3 {[%clk 0:03:05]} 30... g5 { [%clk
0:38:08]} 31. Re2 {[%clk 0:02:38]} 31... c5 {[%clk 0:37:20]} 32. Rf2 { [%clk
0:02:35]} 32... g6 {[%clk 0:36:53]} 33. Rd2 {[%clk 0:02:15]} 33... Rf8 { [%clk
0:33:01]} 34. Rf2 {[%clk 0:02:19]} 34... Re8 {[%clk 0:33:15]} 35. Rf6 { [%clk
0:02:33]} 35... Kg7 {[%clk 0:32:26]} 36. Rc6 {[%clk 0:02:56]} 36... Rh8 { [%clk
0:32:28]} 37. Kxe4 {[%clk 0:01:29]} 37... Rxh2 {[%clk 0:32:47]} 38. Rc7+ {[%clk
0:01:45]} 38... Kh6 {[%clk 0:32:22]} 39. Rxa7 {[%clk 0:01:48]} 39... Rxb2
{[%clk 0:32:20]} 40. Kd5 {[%clk 0:02:12]} 40... Rb5 {[%clk 0:30:23]} 41. Ra4
{[%clk 0:13:52]} 41... Kg7 {[%clk 0:44:07]} 42. Rc4 {[%clk 0:13:26]} 42... Kf6
{[%clk 0:44:05]} 43. Rxc5 {[%clk 0:12:56]} 43... Rxc5+ {[%clk 0:43:32]} 44.
Kxc5 {[%clk 0:13:21]} 44... Ke5 {[%clk 0:43:58]} 45. a4 {[%clk 0:13:32]} 45...
Kf4 {[%clk 0:44:23]} 46. a5 {[%clk 0:13:45]} 46... Kxg4 {[%clk 0:44:50]} 47. a6
{[%clk 0:14:11]} 47... Kf4 {[%clk 0:45:16]} 48. a7 {[%clk 0:14:34]} 1-0

[Event "DEM U12w 2018"]
[Site "Willingen GER"]
[Date "2018.05.20"]
[Round "2"]
[White "Hubert, Charlotte"]
[Black "Schneider, Anna"]
[Result "1-0"]
[Termination "normal"]
[Board "8"]
[WhiteElo "1219"]
[BlackElo "1432"]
[WhiteClock "00:22:24"]
[BlackClock "00:19:19"]
[PlyCount "61"]
[WhiteFideId "16265920"]
[BlackFideId "16200527"]
[EventCountry "GER"]
[EventRounds "11"]
[EventType "swiss"]
[EventDate "2018.05.19"]

1. e4 {[%clk 1:15:58]} 1... e5 {[%clk 1:15:56]} 2. Nf3 {[%clk 1:16:21]} 2...
Nc6 {[%clk 1:16:23]} 3. Bc4 {[%clk 1:16:42]} 3... Bc5 {[%clk 1:16:49]} 4. b4 {
[%clk 1:17:07]} 4... Bb6 {[%clk 1:17:13]} 5. a4 {[%clk 1:17:23]} 5... a6 {
[%clk 1:17:38]} 6. c3 {[%clk 1:17:36]} 6... Nf6 {[%clk 1:17:34]} 7. d3 { [%clk
1:17:36]} 7... d6 {[%clk 1:17:54]} 8. O-O {[%clk 1:17:16]} 8... O-O { [%clk
1:18:12]} 9. Nbd2 {[%clk 1:16:14]} 9... Be6 {[%clk 1:18:24]} 10. Re1 { [%clk
1:11:50]} 10... Re8 {[%clk 1:15:08]} 11. Qb3 {[%clk 1:08:59]} 11... Bxc4 {[%clk
1:13:26]} 12. Nxc4 {[%clk 1:08:13]} 12... Ba7 {[%clk 1:13:35]} 13. Bg5 { [%clk
1:05:46]} 13... Nb8 {[%clk 1:11:05]} 14. Ne3 {[%clk 1:02:06]} 14... h6 { [%clk
1:09:14]} 15. Bh4 {[%clk 1:02:20]} 15... c6 {[%clk 1:09:16]} 16. Nf5 { [%clk
1:00:56]} 16... Re6 {[%clk 1:04:27]} 17. d4 {[%clk 0:58:18]} 17... Re8 { [%clk
0:48:13]} 18. Rad1 {[%clk 0:57:13]} 18... exd4 {[%clk 0:38:25]} 19. cxd4 {[%clk
0:56:51]} 19... Kf8 {[%clk 0:29:55]} 20. e5 {[%clk 0:55:07]} 20... Qd7 { [%clk
0:29:15]} 21. Nxd6 {[%clk 0:27:29]} 21... Re6 {[%clk 0:25:39]} 22. exf6 { [%clk
0:25:05]} 22... Rxe1+ {[%clk 0:24:15]} 23. Rxe1 {[%clk 0:25:01]} 23... Qxd6
{[%clk 0:24:24]} 24. Ne5 {[%clk 0:24:30]} 24... Qd5 {[%clk 0:23:39]} 25. fxg7+
{[%clk 0:24:10]} 25... Kxg7 {[%clk 0:23:49]} 26. Qg3+ {[%clk 0:23:58]} 26...
Kf8 {[%clk 0:23:17]} 27. Bf6 {[%clk 0:23:41]} 27... Nd7 {[%clk 0:19:46]} 28.
Qg7+ {[%clk 0:23:05]} 28... Ke8 {[%clk 0:19:58]} 29. Nxc6+ {[%clk 0:22:40]}
29... Ne5 {[%clk 0:19:47]} 30. Rxe5+ {[%clk 0:22:08]} 30... Qxe5 { [%clk
0:19:19]} 31. Nxe5 {[%clk 0:22:24]} 1-0

[Event "DEM U12w 2018"]
[Site "Willingen GER"]
[Date "2018.05.20"]
[Round "2"]
[White "Keymer, Cecilia"]
[Black "Kanno, Clara Yumi"]
[Result "1-0"]
[Termination "normal"]
[Board "9"]
[WhiteElo "1423"]
[BlackElo "1073"]
[WhiteClock "00:34:06"]
[BlackClock "00:47:20"]
[PlyCount "45"]
[WhiteFideId "16233468"]
[BlackFideId "16259661"]
[EventCountry "GER"]
[EventRounds "11"]
[EventType "swiss"]
[EventDate "2018.05.19"]

1. d4 {[%clk 1:15:56]} 1... d5 {[%clk 1:15:42]} 2. c4 {[%clk 1:16:20]} 2... e6
{[%clk 1:15:37]} 3. Nc3 {[%clk 1:16:04]} 3... c5 {[%clk 1:15:48]} 4. cxd5 {
[%clk 1:14:44]} 4... cxd4 {[%clk 1:14:43]} 5. Qxd4 {[%clk 1:11:22]} 5... Nf6 6.
e4 {[%clk 1:09:16]} 6... Be7 {[%clk 1:11:18]} 7. Nf3 {[%clk 1:07:30]} 7... a6 {
[%clk 1:08:40]} 8. a3 {[%clk 1:03:20]} 8... h6 {[%clk 1:07:31]} 9. Bc4 { [%clk
1:02:54]} 9... O-O {[%clk 1:04:10]} 10. Bf4 {[%clk 1:00:29]} 10... Re8 { [%clk
0:58:50]} 11. O-O {[%clk 0:58:11]} 11... Bd6 {[%clk 0:56:52]} 12. e5 { [%clk
0:54:42]} 12... exd5 {[%clk 0:56:10]} 13. Bb3 {[%clk 0:51:40]} 13... Nc6 {[%clk
0:56:03]} 14. Qe3 {[%clk 0:45:20]} 14... Ng4 {[%clk 0:55:21]} 15. Qd2 { [%clk
0:43:55]} 15... Bc7 {[%clk 0:54:49]} 16. Bxd5 {[%clk 0:41:15]} 16... Ngxe5
{[%clk 0:53:46]} 17. Nxe5 {[%clk 0:37:40]} 17... Nxe5 {[%clk 0:54:00]} 18. Rfe1
{[%clk 0:36:24]} 18... Bb8 {[%clk 0:51:29]} 19. Bxe5 {[%clk 0:35:20]} 19...
Rxe5 {[%clk 0:50:26]} 20. Bxf7+ {[%clk 0:33:54]} 20... Kxf7 { [%clk 0:49:29]}
21. Qxd8 {[%clk 0:34:07]} 21... Rc5 {[%clk 0:49:48]} 22. Qe7+ { [%clk 0:33:50]}
22... Kg6 {[%clk 0:47:20]} 23. Qxc5 {[%clk 0:34:06]} 1-0

[Event "DEM U12w 2018"]
[Site "Willingen GER"]
[Date "2018.05.20"]
[Round "2"]
[White "Wimmer, Katharina"]
[Black "Roncea, Andreea-Alexandra"]
[Result "0-1"]
[Termination "normal"]
[Board "10"]
[WhiteElo "1169"]
[BlackElo "1532"]
[PlyCount "108"]
[WhiteFideId "16265947"]
[BlackFideId "16233115"]
[EventCountry "GER"]
[EventRounds "11"]
[EventType "swiss"]
[EventDate "2018.05.19"]

1. e4 e5 2. Nf3 Nc6 3. Bc4 Bc5 4. c3 Nf6 5. d4 exd4 6. cxd4 Bb4+ 7. Bd2 Bxd2+
8. Nbxd2 d5 9. exd5 Nxd5 10. O-O O-O 11. Nb3 Bg4 12. Qd3 Re8 13. Bb5 Bd7 14.
Nc5 Rb8 15. Nxd7 Qxd7 16. Ne5 Nxe5 17. Bxd7 Nxd3 18. Bxe8 Rxe8 19. Rab1 Re2 20.
a3 b6 21. g3 Nxb2 22. Rfe1 Rxe1+ 23. Rxe1 Kf8 24. Re5 Ne7 25. Re2 Nc4 26. a4
Nd6 27. Rc2 Nd5 28. Kg2 Nf5 29. Rd2 Ke7 30. Kf3 Kd6 31. Ke4 g6 32. g4 Nh6 33.
f3 Nc3+ 34. Kf4 Nxa4 35. Kg5 Ng8 36. h4 Nc3 37. h5 a5 38. Rd3 Nb5 39. Re3 Kd7
40. d5 Nd6 41. f4 Nc4 42. Rc3 b5 43. f5 a4 44. fxg6 fxg6 45. hxg6 hxg6 46. Kxg6
a3 47. Rc2 b4 48. Rxc4 b3 49. Rc1 b2 50. Rb1 a2 51. Rxb2 a1=Q 52. Rf2 Ne7+ 53.
Kh6 Qa8 54. g5 Qh8# 0-1

[Event "DEM U12w 2018"]
[Site "Willingen GER"]
[Date "2018.05.20"]
[Round "2"]
[White "Alferova, Emily"]
[Black "Lorenz, Anouk"]
[Result "0-1"]
[Termination "normal"]
[Board "11"]
[WhiteElo "1323"]
[BlackElo "1310"]
[PlyCount "120"]
[WhiteFideId "16265904"]
[BlackFideId "12990256"]
[EventCountry "GER"]
[EventRounds "11"]
[EventType "swiss"]
[EventDate "2018.05.19"]

1. e4 c5 2. d4 cxd4 3. c3 dxc3 4. Nxc3 e6 5. a3 Nc6 6. Nf3 d6 7. Bc4 Be7 8. O-O
Nf6 9. Qe2 O-O 10. Rd1 Qc7 11. Nb5 Qb8 12. Nc3 a6 13. h3 b5 14. Ba2 Bb7 15. Be3
Qc7 16. Rac1 Rac8 17. b4 Rfd8 18. Qb2 Ba8 19. a4 Qb8 20. a5 d5 21. exd5 exd5
22. Nxd5 Nxd5 23. Bxd5 Nxb4 24. Bxa8 Qxa8 25. Rxc8 Qxc8 26. Rc1 Qb7 27. Bb6 Rc8
28. Rxc8+ Qxc8 29. Qe5 Bf6 30. Qe4 Nc6 31. Nd2 h6 32. Nb3 Bc3 33. Qc2 Be5 34.
Nc5 Nb8 35. Qe4 Nd7 36. Qb7 Qxb7 37. Nxb7 Kf8 38. Bc5+ Ke8 39. Kf1 f6 40. Ke2
Bc7 41. Bb4 Kf7 42. Ke3 Ke6 43. Ke4 f5+ 44. Kd4 g5 45. f3 Be5+ 46. Kd3 h5 47.
Nd8+ Kd5 48. Nf7 Bf6 49. Bc3 Bxc3 50. Kxc3 g4 51. fxg4 fxg4 52. hxg4 hxg4 53.
Nh6 Nf6 54. Nf5 Kc5 55. Nd4 Nd5+ 56. Kd3 Nf4+ 57. Ke4 Nxg2 58. Ne6+ Kb4 59. Nd4
Kxa5 60. Nc6+ Ka4 0-1

[Event "DEM U12w 2018"]
[Site "Willingen GER"]
[Date "2018.05.20"]
[Round "2"]
[White "Werner, Rosalie"]
[Black "Prinzen, Siri Marleen"]
[Result "1-0"]
[Termination "normal"]
[Board "12"]
[WhiteElo "1575"]
[BlackElo "1227"]
[PlyCount "75"]
[WhiteFideId "16223748"]
[BlackFideId "16265912"]
[EventCountry "GER"]
[EventRounds "11"]
[EventType "swiss"]
[EventDate "2018.05.19"]

1. e4 e5 2. Nf3 Nc6 3. Bb5 a6 4. Bxc6 dxc6 5. Nc3 Bd6 6. d4 Bg4 7. Be3 Qf6 8.
Bg5 Qg6 9. dxe5 Bxf3 10. Qxf3 Bxe5 11. Bd2 Nf6 12. O-O-O O-O-O 13. Rhe1 Rhe8
14. Qh3+ Kb8 15. f3 Qh5 16. Qxh5 Nxh5 17. g3 Bxc3 18. Bxc3 Rxd1+ 19. Rxd1 f6
20. Rd7 Kc8 21. Rf7 Kd8 22. g4 Nf4 23. Rxg7 Ne2+ 24. Kd2 Nxc3 25. Kxc3 Re7 26.
Rxe7 Kxe7 27. Kd4 Ke6 28. f4 Kf7 29. e5 Ke6 30. f5+ Ke7 31. exf6+ Kxf6 32. h4
h6 33. Ke4 b5 34. g5+ hxg5 35. hxg5+ Kxg5 36. Ke5 Kh6 37. Ke6 Kg7 38. Ke7 1-0

[Event "DEM U12w 2018"]
[Site "Willingen GER"]
[Date "2018.05.20"]
[Round "2"]
[White "Shapiro, Nina"]
[Black "Zöllner, Bente"]
[Result "0-1"]
[Termination "normal"]
[Board "13"]
[WhiteElo "1281"]
[BlackElo "1314"]
[PlyCount "68"]
[WhiteFideId "16260007"]
[BlackFideId "16230523"]
[EventCountry "GER"]
[EventRounds "11"]
[EventType "swiss"]
[EventDate "2018.05.19"]

1. e4 c5 2. Nf3 Nc6 3. d4 cxd4 4. Nxd4 Nf6 5. Nc3 g6 6. Be3 Bg7 7. f3 Qb6 8.
Bb5 Nxe4 9. Bxc6 Nxc3 10. Bxd7+ Bxd7 11. bxc3 Rd8 12. Qc1 Qc5 13. Ne2 Bxc3+ 14.
Nxc3 Qxc3+ 15. Bd2 Qe5+ 16. Be3 Bb5 17. Rb1 Qc3+ 18. Bd2 Qc4 19. Qd1 O-O 20.
Rb4 Qe6+ 21. Kf2 Rd4 22. Re1 Qb6 23. Be3 Qd6 24. Qb1 a6 25. a4 Bc6 26. Bh6 Rd8
27. Qb2 f6 28. h3 g5 29. f4 Rd2+ 30. Kf1 Bxg2+ 31. Kg1 Qc5+ 32. Kh2 Be4+ 33.
Kg3 Qf2+ 34. Kg4 Qf3# 0-1